00578cam a22002171 4500001001300000003000400013005001700017008004100034010001700075035001900092040002300111042001200134050001600146100003700162245003400199250001300233260005600246300001800302651002300320999001700343f 01002239 DLC20260227111242.0830928s1900 be 000 0 fre  af 01002239  a(OCoLC)9957683 aDLCcNcUdNcUdDLC apremarc00aJV2824b.H41 aHaulleville, Alphonse de,d1860-13aLa morale de la colonisation. a2. éd. aBruxelles [etc.]bJ. Lebègue & cie. [etc.]c1900. a44 p.c26 cm. 0aBelgiumxColonies. c22752d22752